[Event "TUR-chT2"]
[Site "Konya"]
[Date "2018.07.13"]
[Round "6.14"]
[White "Tayhan, Nart Murat"]
[Black "Ipekci, Baris"]
[Result "1-0"]
[WhiteElo "1759"]
[BlackElo "1742"]
[PlyCount "59"]
[EventDate "2018.07.10"]
[EventType "team-swiss"]
[EventRounds "9"]
[EventCountry "TUR"]
[SourceTitle "EXT 2019"]
[Source "ChessBase"]
[SourceDate "2018.10.10"]
[SourceVersion "1"]
[SourceVersionDate "2018.10.10"]
[SourceQuality "1"]
[WhiteTeam "Akcakoca Esentepe Okulu"]
[BlackTeam "Istanbul Kartal Belediye"]
[WhiteTeamCountry "TUR"]
[BlackTeamCountry "TUR"]

1. Nf3 f5 2. d4 g6 3. g3 Nf6 4. Bg2 Bg7 5. c4 d6 6. 0-0 0-0 7. Nc3 Qe8 8. Re1 Qf7 9. e4 Nxe4 10. Nxe4 fxe4 11. Rxe4 Qxc4 12. Rxe7 Na6 13. Bf4 Bf6 14. b3 Qb5 15. Re1 Bd7 16. Rc1 g5 17. Bf1 Qf5 18. Bd3 Qg4 19. Nxg5 Bxg5 20. Qxg4 Bxg4 21. Bxg5 Rae8 22. Bc4+ Kg7 23. Rxe8 Rxe8 24. Bxa6 bxa6 25. Rxc7+ Kg6 26. Be3 Bf3 27. Kf1 Kf5 28. Rxh7 Rc8 29. Rf7+ Kg4 30. Rf4+ 1-0

[Event "TUR-chT2"]
[Site "Konya"]
[Date "2018.07.11"]
[Round "2.1"]
[White "Duman, Aydin"]
[Black "Ipekci, Baris"]
[Result "1-0"]
[WhiteElo "2093"]
[BlackElo "1742"]
[PlyCount "82"]
[EventDate "2018.07.10"]
[EventType "team-swiss"]
[EventRounds "9"]
[EventCountry "TUR"]
[SourceTitle "EXT 2019"]
[Source "ChessBase"]
[SourceDate "2018.10.10"]
[SourceVersion "1"]
[SourceVersionDate "2018.10.10"]
[SourceQuality "1"]
[WhiteTeam "Adana Ceyhan Belediye"]
[BlackTeam "Istanbul Kartal Belediye"]
[WhiteTeamCountry "TUR"]
[BlackTeamCountry "TUR"]

1. e4 d5 2. exd5 Qxd5 3. Nf3 Nf6 4. d4 Bf5 5. Be2 e6 6. 0-0 Be7 7. c4 Qd8 8. Qb3 Qc8 9. Nc3 0-0 10. Ne5 c6 11. Bf3 Nbd7 12. Bf4 Nxe5 13. Bxe5 Rd8 14. h3 Bd6 15. Bxf6 gxf6 16. d5 exd5 17. cxd5 Bxh3 18. dxc6 bxc6 19. Ne4 Be5 20. gxh3 Qxh3 21. Ng3 Bxg3 22. fxg3 Rd2 23. Rf2 Rad8 24. Bg2 Qg4 25. Raf1 R8d3 26. Qb8+ Kg7 27. Qf4 Qxf4 28. gxf4 c5 29. Rxd2 Rxd2 30. Rf2 Rd1+ 31. Kh2 Rd4 32. Kg3 f5 33. Rc2 c4 34. Bf1 Re4 35. Bxc4 Re3+ 36. Kf2 Rh3 37. Kg2 Rh4 38. Kg3 Rg4+ 39. Kf3 h5 40. Rg2 Kf6 41. Rxg4 fxg4+ 1-0

[Event "Skopje Karposh op"]
[Site "Skopje"]
[Date "2013.03.16"]
[Round "9"]
[White "Angjelovski, Daniel"]
[Black "Ipekci, Baris"]
[Result "1-0"]
[WhiteElo "1934"]
[BlackElo "1671"]
[PlyCount "123"]
[EventDate "2013.03.09"]
[EventType "swiss"]
[EventRounds "9"]
[EventCountry "MKD"]
[SourceTitle "CBM 153 Extra"]
[Source "ChessBase"]
[SourceDate "2013.04.22"]
[SourceVersion "1"]
[SourceVersionDate "2013.04.22"]
[SourceQuality "1"]

1. e4 d5 2. exd5 Qxd5 3. Nc3 Qa5 4. d4 Nf6 5. Nf3 Bf5 6. Bd3 Bg6 7. 0-0 e6 8. a3 c6 9. h3 Bd6 10. Re1 Nbd7 11. Be3 Qc7 12. Qd2 Nd5 13. Ne4 Bxe4 14. Bxe4 N7f6 15. Bd3 Nxe3 16. fxe3 h6 17. c4 g5 18. e4 Bf4 19. Qe2 g4 20. hxg4 Nxg4 21. e5 Qe7 22. Qe4 Be3+ 23. Rxe3 Nxe3 24. Qxe3 0-0-0 25. b4 Kb8 26. Rd1 h5 27. Qf4 h4 28. Be4 h3 29. g3 a5 30. c5 axb4 31. axb4 Kc7 32. Kh2 Ra8 33. Rd2 Ra3 34. Ng5 Rg8 35. Nf3 Rb3 36. Kxh3 Rxb4 37. Ra2 Rb3 38. Kg2 Rf8 39. Bc2 Rb5 40. Bd3 Qd7 41. Bxb5 cxb5 42. Qd2 Qc6 43. Qa5+ Kd7 44. Rb2 b6 45. cxb6 Rb8 46. Qxb5 Qxb5 47. Rxb5 Kc6 48. Rb2 Kb7 49. Kf2 Rc8 50. Ke3 f6 51. g4 Rc3+ 52. Kf4 fxe5+ 53. Nxe5 Rc8 54. g5 Rf8+ 55. Ke4 Rg8 56. g6 Rg7 57. Kf4 Rg8 58. Kg5 Rd8 59. g7 Ka8 60. b7+ Ka7 61. Nc6+ Ka6 62. Nxd8 1-0

[Event "Skopje Karposh op"]
[Site "Skopje"]
[Date "2013.03.09"]
[Round "1"]
[White "Atakisi, Umut"]
[Black "Ipekci, Baris"]
[Result "1-0"]
[WhiteElo "2328"]
[BlackElo "1671"]
[PlyCount "61"]
[EventDate "2013.03.09"]
[EventType "swiss"]
[EventRounds "9"]
[EventCountry "MKD"]
[SourceTitle "CBM 153 Extra"]
[Source "ChessBase"]
[SourceDate "2013.04.22"]
[SourceVersion "1"]
[SourceVersionDate "2013.04.22"]
[SourceQuality "1"]

1. e4 d5 2. exd5 Qxd5 3. Nc3 Qa5 4. d4 Nf6 5. Nf3 Bf5 6. Bc4 e6 7. Bd2 c6 8. Nd5 Qd8 9. Nxf6+ gxf6 10. Qe2 Qc7 11. 0-0-0 Nd7 12. Nh4 Bg6 13. g3 0-0-0 14. Bf4 Bd6 15. Bxd6 Qxd6 16. Bb3 f5 17. Ng2 Nf6 18. Nf4 Nd5 19. Bxd5 cxd5 20. Rhe1 Rde8 21. Rd3 Kd7 22. Rb3 Rb8 23. h4 h5 24. Rc3 a6 25. Re3 Rbe8 26. Re5 f6 27. Rxe6 Rxe6 28. Qxe6+ Qxe6 29. Rxe6 Bf7 30. Rxf6 Ke7 31. Rxf5 1-0